Statistics for English Premier League Overseas Players

Click here to take the quiz!

General Stats

  • This quiz has been taken 33 times
  • The average score is 49 of 109

Answer Stats

Hint Country % Correct
Theirry Henry (Arsenal)France
100%
Luca Modric (Tottenham)Croatia
100%
Xherdan Shaqiri (Stoke City)Switzerland
97%
Juninho (Middlesbrough)Brazil
97%
Christiano Ronaldo (Man Utd)Portugal
97%
Olof Mellberg (Aston Villa)Sweden
97%
Erik Lamela (Tottenham)Argentina
97%
Tim Howard (Everton)United States
93%
Eden Hazard (Chelsea)Belgium
93%
Michael Ballack (Cheslea)Germany
93%
Ole Gunnar Solksjaer (Man Utd)Norway
93%
Jay Jay Okocha (Bolton)Nigeria
93%
Harry Kewell (Leeds)Australia
90%
Benito Carbone (Sheffield Wednesday)Italy
87%
Nemanja Vidic (Man Utd)Serbia
87%
Angel Rangel (Swansea)Spain
83%
Park Ji Sung (Man Utd)South Korea
83%
Claus Jensen (Charlton)Denmark
83%
Jefferson Lerma (Bournemouth)Colombia
80%
Matt Doherty (Wolves)Ireland
80%
Alexis Sanchez (Arsenal)Chile
80%
Riyad Mahrez (Leicester)Algeria
77%
Mohamed Salah (Liverpool)Egypt
77%
Maya Yoshida (Southampton)Japan
73%
Lucas Radebe (Leeds)South Africa
73%
Edin Dzeko (Man City)Bosnia and Herzegovina
73%
Tomas Repka (West Ham)Czechia
70%
Andreas Wiemann (Aston Villa)Austria
70%
Andre Arshavin (Arsenal)Russia
70%
Wilfired Zaha (Crystal Palace)Cote D'Ivoire
67%
Luis Suarez (Liverpool)Uruguay
67%
Martin Skrtel (Liverpool)Slovakia
67%
Tony Yeboah (Leeds)Ghana
67%
Jerzy Dudek (Liverpool)Poland
63%
Sami Hyypia (Liverpool)Finland
63%
Antonio Valencia (Man Utd)Ecuador
63%
Ken Monkou (Southampton)Netherlands
60%
Ali Dai (Southampton)Senegal
60%
Eric Djemba Djemba (Man Utd)Cameroon
60%
Robert Koren (West Brom)Slovenia
60%
Raul Jimenez (Wolves)Mexico
57%
Scott Arfield (Burnley)Canada
57%
Mustapha Hadji (Coventry City)Morocco
57%
Serhiy Rebrov (Tottenham)Ukraine
57%
Ricardo Gardner (Bolton Wanderers)Jamaica
57%
Nikos Dabizas (Newcastle)Greece
57%
Eidur Gudjohnson (Chelsea)Iceland
53%
Roque Santa Cruz (Blackburn)Paraguay
50%
Muzzy Izzet (Leicester)Turkey
50%
Ryan Nelson (Blackburn)New Zealand
50%
Dwight Yorke (Man Utd)Trinidad and Tobago
50%
Gabor Kirlay (Crystal Palace)Hungary
50%
Stiliyan Petrov (Aston Villa)Bulgaria
47%
Salomon Rondon (Newcastle)Venezuela
47%
Nolberto Solano (Newcastle)Peru
47%
Adrian Mutu (Chelsea)Romania
47%
Li Tie (Everton)China
43%
Bryan Ruiz (Fulham)Costa Rica
43%
Mamady Sidibe (Stoke City)Mali
40%
Alexander Hleb (Arsenal)Belarus
37%
Ronny Rosenthal (Liverpool)Israel
37%
Emmanuel Adebayor (Arsenal)Togo
37%
Pierre-Emerick Aubameyang (Arsenal)Gabon
33%
Henrikh Mkhitaryan (Arsenal)Armenia
30%
Lorik Cana (Sunderland)Albania
30%
Mart Poom (Derby County)Estonia
30%
Naby Keita (Liverpool)Guinea
30%
Karin Bagheri (Charlton)Iran
30%
Stevan Jovetic (Man City)Montenegro
27%
Jamie Moreno (Middlesbrough)Bolivia
27%
Maynor Figueroa (Wigan)Honduras
27%
Marian Pahars (Southampton)Latvia
27%
Lomana Lua Lua (Newcastle)DR Congo
27%
Victor Wanyama (Tottenham)Kenya
23%
Christopher Samba (Blackburn)Congo
23%
Wahbi Kazri (Sunderland)Tunisia
20%
Giedrius Arlauskis (Watford)Lithuania
20%
Christopher Wreh (Arsenal)Liberia
17%
Modou Barrow (Swansea)Gambia
13%
Dylan Kerr (Leeds)Malta
13%
Georgi Kinkladze (Man City)Georgia
13%
Bersant Selina (Man City)Kosovo
13%
Gjorgji Hristov (Barnsley)Macedonia
13%
Alexis Nicolas (Chelsea)Cyprus
13%
Dexter Blackstock (Southampton)Antigua and Barbuda
13%
Neil Gregory (Ipswich Town)Zambia
10%
Mesca (Fulham)Guinea Bissau
10%
Danny Higginbottom (Stoke CIty)Gibraltar
10%
Carl Cort (Newcastle)Guyana
10%
Peter Ndlovu (Coventry City)Zimbabwe
10%
Paul Ifill (Sheffield Utd)Barbados
10%
Ali Al-Habsi (Wigan)Oman
7%
Steve Mounie (Huddersfield)Benin
7%
Kei Kamara (Norwich City)Sierra Leone
7%
Shaun Goater (Man City)Bermuda
3%
Neil Etheridge (Cardiff)Philippines
3%
Manucho (Man Utd)Angola
3%
Pedro Obiang (West Hame)Equatorial Guinea
3%
Bertrand Traore (Chelsea)Burkina Faso
3%
Frederic Nimani (Burnley)Central African Republic
3%
Gunnar Neilson (Man City)Faroe Islands
3%
Pele (West Brom)Cape Verde
3%
Zesh Rayman (Fulham)Pakistan
0%
Jason Roberts (Blackburn)Grenada
0%
Leandro Bacuna (Aston Villa)Curacao
0%
Calum Wilock (Fulham)Saint Kitts and Nevis
0%
Saido Berahino (West Brom)Burundi
0%
Ruel Fox (Norwich City)Montserrat
0%
Kevin Betsy (Fulham)Seychelles
0%

Score Distribution

Percentile by Number Answered

Percent of People with Each Score

Your Score History

You have not taken this quiz